Bridget Jones buys a house (Record no. 118291)

MARC details
000 -LEADER
fixed length control field 01007cam a2200217 4500
001 - CONTROL NUMBER
control field WB@3612-508
008 - FIXED-LENGTH DATA ELEMENTS--GENERAL INFORMATION
fixed length control field 041110n2004 000 0 eng u
035 ## - SYSTEM CONTROL NUMBER
System control number (Sirsi) u127939
245 ## - TITLE STATEMENT
Title Bridget Jones buys a house
260 ## - PUBLICATION, DISTRIBUTION, ETC.
Place of publication, distribution, etc. c2004
490 ## - SERIES STATEMENT
Series statement Halifax Press Release
Volume/sequential designation 3 November 2004 (3)
520 ## - SUMMARY, ETC.
Summary, etc. Recent research from the Halifax has shown that young women are increasingly choosing to buy their first home alone. With 51% of Britain's population now women the proportion of mortgages taken out by single women has more than doubled from 9.8% in 1983 to 23.1% in 2003. Women, as well as living longer than men, also leave home earlier than their male peers - 56% of men and only 37% of women in England aged 20-24 live at home with their parents. http://www.hbosplc.com/economy/ResearchReleases.as p
590 ## - LOCAL NOTE (RLIN)
Local note WB
590 ## - LOCAL NOTE (RLIN)
Local note WB
650 ## - SUBJECT ADDED ENTRY--TOPICAL TERM
Topical term or geographic name entry element WOMEN
650 ## - SUBJECT ADDED ENTRY--TOPICAL TERM
Topical term or geographic name entry element HOUSE BUYING
650 ## - SUBJECT ADDED ENTRY--TOPICAL TERM
Topical term or geographic name entry element MORTGAGES
650 ## - SUBJECT ADDED ENTRY--TOPICAL TERM
Topical term or geographic name entry element FIRST-TIME BUYERS
690 ## - LOCAL SUBJECT ADDED ENTRY--TOPICAL TERM (OCLC, RLIN)
Topical term or geographic name as entry element HOUSING-MARKET
942 ## - ADDED ENTRY ELEMENTS (KOHA)
Suppress in OPAC 0
Holdings
Withdrawn status Lost status Source of classification or shelving scheme Damaged status Not for loan Home library Current library Shelving location Date acquired Total Checkouts Full call number Barcode Date last seen Copy number Price effective from Koha item type
    Dewey Decimal Classification     London London News article 10/11/2004   WB4043-08 127939-1001 06/08/2019 1 06/08/2019 News article